| 000 | 00580nam a2200169 4500 | ||
|---|---|---|---|
| 999 |
_c8424 _d8424 |
||
| 008 | 180205b xxu||||| |||| 00| 0 eng d | ||
| 020 | _a0-8092-2921-8 | ||
| 082 |
_21988 _aDC 796.357 _bC62 |
||
| 100 |
_926091 _aCluck, Bob |
||
| 245 |
_aPlay better baseball: _bwinning techniques and strategies for coaches and players/ _cBob Cluck. |
||
| 260 |
_aIllinois, U.S.A. : _bNTC/ Contemporary Publishing Company, _c© 1988. |
||
| 300 |
_aviii,241 pages: _billustration; _c28 cm. |
||
| 521 | _aIncludes index. | ||
| 650 | 0 |
_926092 _aBaseball _vCoaching |
|
| 365 |
_b16.95 _c$ |
||
| 942 |
_2ddc _cDC |
||